छोट्या दोस्तांसाठी एक पात्रिका (Record no. 998232)

MARC details
000 -LEADER
fixed length control field 00402nam a2200133Ia 4500
008 - FIXED-LENGTH DATA ELEMENTS--GENERAL INFORMATION
fixed length control field 151001s9999||||xx |||||||||||||| ||und||
100 ## - MAIN ENTRY--PERSONAL NAME
Personal name दिलीप प्रभावळकर
245 ## - TITLE STATEMENT
Title छोट्या दोस्तांसाठी एक पात्रिका
250 ## - EDITION STATEMENT
Edition statement 1
260 ## - PUBLICATION, DISTRIBUTION, ETC. (IMPRINT)
Name of publisher, distributor, etc भारद्वाज
260 ## - PUBLICATION, DISTRIBUTION, ETC. (IMPRINT)
Date of publication, distribution, etc 2007
300 ## - PHYSICAL DESCRIPTION
Extent 86
365 ## - TRADE PRICE
Price amount 21

No items available.